Návrh marketingového konceptu komunikácie v hudobnom priemysle bakalárska práca

Enregistré dans:
Détails bibliographiques
Auteur principal: Fabianová, Petra
Collectivité auteur: Obchodná fakulta EU. Katedra marketingu
Autres auteurs: Nekolová, Veronika, 1984-
Format: Livre
Langue:slovaque
Publié: Bratislava 2018
Tags: Ajouter un tag
Pas de tags, Soyez le premier à ajouter un tag!

MARC

LEADER 00000nbm a2200000 4500
001 0245052
005 20180815083221.2
041 0 |a slo 
044 |a SK 
245 1 0 |a Návrh marketingového konceptu komunikácie v hudobnom priemysle  |b bakalárska práca  |c Petra Fabianová ; školiteľ: Veronika Nekolová 
264 1 |a Bratislava  |c 2018 
300 |a 51 s. 
100 1 |a Fabianová, Petra 
700 1 |a Nekolová, Veronika, 1984- 
710 2 |a Obchodná fakulta EU. Katedra marketingu